[Event "Bad Woerishofen"]
[Site "?"]
[Date "2002.??.??"]
[Round "1"]
[White "Fahnenschmidt, Gerhard"]
[Black "Specht, Helmut"]
[Result "0-1"]
[WhiteElo "2276"]
[BlackElo "2029"]
[Annotator "ChessOrg"]
[PlyCount "130"]

1. d4 Nf6 2. c4 e6 3. g3 Bb4+ 4. Nd2 Ne4 5. Bg2 Nxd2 6. Bxd2 Bxd2+ 7. Qxd2 d5
8. Rc1 c6 9. Nf3 Nd7 10. cxd5 exd5 11. Qe3+ Qe7 12. Qxe7+ Kxe7 13. O-O f6 14.
Rc3 Kf7 15. b4 a6 16. Nd2 Nb6 17. e4 Be6 18. Re1 Rhe8 19. e5 fxe5 20. dxe5 Ke7
21. Nf3 h6 22. Nd4 g5 23. f4 gxf4 24. gxf4 Rf8 25. Nxe6 Kxe6 26. Bh3+ Ke7 27.
f5 Rg8+ 28. Kh1 Rg5 29. Rf3 Rf8 30. f6+ Ke8 31. e6 Rg6 32. Ref1 Nc4 33. e7 Rf7
34. Re1 Nb6 35. Ref1 Nc4 36. Be6 Nd6 37. b5 axb5 38. Bxf7+ Kxf7 39. Re3 Ne8 40.
Re6 h5 41. a3 Rg5 42. Re3 d4 43. Re4 Rd5 44. Re2 d3 45. Rg2 Nxf6 46. Rxf6+ Kxe7
47. Rf1 c5 48. Rg7+ Ke6 49. Rg6+ Ke5 50. Rg5+ Ke4 51. Re1+ Kd4 52. Rxd5+ Kxd5
53. Kg2 Kd4 54. Kf3 d2 55. Rg1 Kd3 56. h4 c4 57. Kf4 c3 58. Ke5 c2 59. Rg3+ Kc4
60. Rf3 d1=Q 61. Rf4+ Kc3 62. Ke6 c1=Q 63. Rb4 Qe3+ 64. Kf6 Qd6+ 65. Kf5 Qde6#
0-1

[Event "Bad Woerishofen"]
[Site "?"]
[Date "2002.??.??"]
[Round "1"]
[White "Ring, Gregor"]
[Black "Scherer, Helmut"]
[Result "0-1"]
[WhiteElo "2026"]
[BlackElo "2275"]
[Annotator "ChessOrg"]
[PlyCount "72"]

1. d4 Nf6 2. Nf3 e6 3. c4 b6 4. g3 Bb7 5. Bg2 Bb4+ 6. Nc3 O-O 7. O-O Bxc3 8.
bxc3 d6 9. Bg5 Nbd7 10. Re1 h6 11. Bf4 Qe7 12. Nd2 Bxg2 13. Kxg2 e5 14. Be3
Rfe8 15. Qc2 Qe6 16. h3 d5 17. cxd5 Nxd5 18. c4 Nxe3+ 19. fxe3 c6 20. a4 a6 21.
Rab1 Rab8 22. Rb2 b5 23. cxb5 cxb5 24. axb5 Rxb5 25. Nf3 e4 26. Nd2 Rh5 27. g4
Rg5 28. Qc7 h5 29. Qf4 Qg6 30. Rf1 hxg4 31. h4 Rh5 32. Kg3 Nf6 33. Rb6 Rb5 34.
Rxf6 Qxf6 35. Qxg4 Qe6 36. Qf4 Re7 0-1

[Event "Bad Woerishofen"]
[Site "?"]
[Date "2002.??.??"]
[Round "1"]
[White "Braun, Peter"]
[Black "Eschle, Hubert"]
[Result "1-0"]
[WhiteElo "2266"]
[BlackElo "2025"]
[Annotator "ChessOrg"]
[PlyCount "49"]

1. d4 Nf6 2. c4 g6 3. Nc3 Bg7 4. e4 d6 5. Nf3 O-O 6. Be2 e5 7. O-O Nc6 8. d5
Ne7 9. Nd2 Nd7 10. Rb1 f5 11. f3 f4 12. b4 g5 13. Nb3 Rf6 14. c5 Rh6 15. g4
fxg3 16. hxg3 Qe8 17. Kg2 Nf6 18. Rh1 Rxh1 19. Qxh1 g4 20. Bg5 Qg6 21. Qh4
Nfxd5 22. Bc4 gxf3+ 23. Kf2 Kh8 24. Bxd5 Nxd5 25. Nxd5 1-0

[Event "Bad Woerishofen"]
[Site "?"]
[Date "2002.??.??"]
[Round "1"]
[White "Ragsch, Klaus"]
[Black "Seifert, Volker"]
[Result "0-1"]
[WhiteElo "2020"]
[BlackElo "2261"]
[Annotator "ChessOrg"]
[PlyCount "56"]

1. e4 c5 2. Nf3 Nc6 3. d4 cxd4 4. Nxd4 Nf6 5. Nc3 e5 6. Nb3 Bb4 7. Bg5 h6 8.
Bxf6 Qxf6 9. Bd3 O-O 10. O-O Bxc3 11. bxc3 d6 12. Qe2 Be6 13. Bc4 Rac8 14. Bxe6
Qxe6 15. Qb5 b6 16. Rfd1 Ne7 17. Rd3 f5 18. Rad1 fxe4 19. Rxd6 Qf5 20. Qe2 Rxc3
21. Rd8 Rxd8 22. Rxd8+ Kh7 23. Rd2 Ng6 24. g3 Nf8 25. Qe1 Ne6 26. Re2 Rc4 27.
Nd2 Rxc2 28. Nxe4 Nd4 0-1

[Event "Bad Woerishofen"]
[Site "?"]
[Date "2002.??.??"]
[Round "1"]
[White "Loew, Gerald"]
[Black "Huhn, Ulrich"]
[Result "1-0"]
[WhiteElo "2260"]
[BlackElo "2019"]
[Annotator "ChessOrg"]
[PlyCount "69"]

1. e4 d5 2. exd5 Nf6 3. Nf3 Nxd5 4. d4 c6 5. Be2 Bg4 6. O-O e6 7. h3 Bh5 8. c4
Nf6 9. Nc3 Be7 10. Be3 O-O 11. g4 Bg6 12. Ne5 Nbd7 13. h4 h6 14. Nxg6 fxg6 15.
g5 Nh7 16. f4 Qc7 17. Bg4 hxg5 18. Bxe6+ Kh8 19. hxg5 Nxg5 20. Bxd7 Qxd7 21.
fxg5 Qh3 22. Qd2 Bd6 23. Ne4 Bc7 24. d5 Be5 25. Bc5 Rf5 26. dxc6 bxc6 27. Rad1
Rf3 28. Qg2 Rxf1+ 29. Rxf1 Qd3 30. b3 Rd8 31. Qf3 Qc2 32. Rf2 Qb1+ 33. Kg2 Rd1
34. Qh3+ Kg8 35. Rf8# 1-0

[Event "Bad Woerishofen"]
[Site "?"]
[Date "2002.??.??"]
[Round "1"]
[White "Jendel, Christian"]
[Black "Rahls, Peter"]
[Result "1-0"]
[WhiteElo "2014"]
[BlackElo "2254"]
[Annotator "ChessOrg"]
[PlyCount "135"]

1. c4 e5 2. Nc3 Nf6 3. g3 c6 4. Nf3 e4 5. Nd4 Bc5 6. Nb3 Bb4 7. Bg2 d5 8. cxd5
cxd5 9. O-O O-O 10. d3 Bxc3 11. bxc3 Qc7 12. Bf4 Qe7 13. Nd4 Nh5 14. Bc1 Re8
15. Qb3 Rd8 16. Ba3 Qe8 17. Nb5 Na6 18. dxe4 dxe4 19. Nd6 Rxd6 20. Bxd6 Nf6 21.
a4 Qc6 22. Be7 Bg4 23. Qb5 Re8 24. Bxf6 gxf6 25. Rfb1 Nc5 26. Rb4 Qc8 27. Rd4
a6 28. Qb2 Bd7 29. a5 Bc6 30. Rc4 Bb5 31. Rd4 Qc7 32. e3 Nd3 33. Qa3 f5 34. Bf1
Rc8 35. Bxd3 Bxd3 36. c4 Re8 37. Rc1 Re5 38. c5 Bb5 39. Qb4 Re6 40. Rcd1 Qe5
41. Rd8+ Kg7 42. R8d5 Qf6 43. Qd4 Qxd4 44. R1xd4 Bc6 45. Rxf5 Kg6 46. g4 Kg7
47. Kg2 h6 48. Kg3 Re7 49. Rd6 Rc7 50. h4 Re7 51. Kf4 Rc7 52. g5 hxg5+ 53.
Rxg5+ Kh7 54. Ke5 Ba4 55. Kf6 Rc8 56. Kxf7 Bb3+ 57. Ke7 Ba4 58. Rd8 Rc7+ 59.
Kf6 Rc6+ 60. Ke7 Rc7+ 61. Kd6 Rf7 62. Rg2 Rf5 63. Rc8 Bc6 64. Ke6 Rxc5 65. Rc7+
Kh8 66. Rg5 Rc2 67. Rf5 Rd2 68. Rf8# 1-0

[Event "Bad Woerishofen"]
[Site "?"]
[Date "2002.??.??"]
[Round "1"]
[White "Erenska, Hanna"]
[Black "Lechner, Otto"]
[Result "1-0"]
[WhiteElo "2252"]
[BlackElo "2007"]
[Annotator "ChessOrg"]
[PlyCount "61"]

1. e4 d5 2. exd5 Qxd5 3. Nc3 Qa5 4. d4 c6 5. Bc4 Nf6 6. h3 Bf5 7. Nf3 e6 8. O-O
Bd6 9. Re1 O-O 10. Bd2 Bb4 11. a3 Bxc3 12. Bxc3 Qc7 13. Bd3 Bxd3 14. Qxd3 Nbd7
15. b4 Rac8 16. Rad1 Rfd8 17. Qe2 Nb6 18. Bd2 h6 19. c4 Nbd7 20. g3 b6 21. Bf4
Qb7 22. g4 b5 23. g5 hxg5 24. Nxg5 bxc4 25. Nxf7 Kxf7 26. Qxe6+ Kg6 27. Re3 Re8
28. Rg3+ Kh7 29. Qf7 Rg8 30. Rg5 Kh8 31. Rh5+ 1-0

[Event "Bad Woerishofen"]
[Site "?"]
[Date "2002.??.??"]
[Round "1"]
[White "Mentel, Juergen"]
[Black "Schaefer, Michael"]
[Result "1/2-1/2"]
[WhiteElo "1997"]
[BlackElo "2247"]
[Annotator "ChessOrg"]
[PlyCount "106"]

1. e4 c5 2. c3 Nf6 3. e5 Nd5 4. Nf3 e6 5. d4 cxd4 6. cxd4 d6 7. a3 Bd7 8. Bd3
Bc6 9. O-O Nd7 10. Nbd2 dxe5 11. dxe5 Qc7 12. Re1 Be7 13. Nf1 a6 14. Bd2 Qb6
15. b4 O-O 16. Qe2 Bb5 17. Bxb5 axb5 18. Qd3 Rfc8 19. Ne3 Qa6 20. Nxd5 exd5 21.
Nd4 Nf8 22. Qxb5 Qxb5 23. Nxb5 Ne6 24. Rac1 Rc6 25. f4 g6 26. Kf2 d4 27. Kf3
Rb6 28. Nd6 Rxa3+ 29. Ke4 Bxd6 30. exd6 Rxd6 31. g4 Ra2 32. Red1 f5+ 33. gxf5
gxf5+ 34. Kxf5 Kf7 35. Ke5 Rd7 36. f5 Nd8 37. b5 d3 38. Rc3 Rb2 39. Rc5 b6 40.
Rd5 Rxd5+ 41. Kxd5 Rxb5+ 42. Ke4 Nb7 43. Kxd3 Rxf5 44. Rb1 b5 45. Be3 Ke6 46.
Rc1 Rd5+ 47. Kc3 Nd6 48. Kb4 Re5 49. Rc3 Re4+ 50. Kb3 Nc4 51. Bc1 Na5+ 52. Kb2
Kd5 53. Rh3 Re7 1/2-1/2

[Event "Bad Woerishofen"]
[Site "?"]
[Date "2002.??.??"]
[Round "1"]
[White "Graf, Christian"]
[Black "Wissinger, Peter"]
[Result "0-1"]
[WhiteElo "2245"]
[BlackElo "1996"]
[Annotator "ChessOrg"]
[PlyCount "62"]

1. e4 e5 2. Nf3 Nc6 3. Bb5 a6 4. Ba4 d6 5. c4 Bd7 6. d4 f6 7. Nc3 Nge7 8. Be3
Ng6 9. d5 Nb8 10. O-O Be7 11. b4 b6 12. Ne1 O-O 13. Bxd7 Nxd7 14. Nd3 f5 15.
exf5 Rxf5 16. Ne4 Rf7 17. c5 bxc5 18. bxc5 h6 19. Rb1 dxc5 20. g3 Nf6 21. Nxf6+
Rxf6 22. Nxc5 Bxc5 23. Bxc5 Qd7 24. Qd3 Rd8 25. Rfd1 Qg4 26. Rb4 Nf4 27. Be7
Nh3+ 28. Kg2 Rxf2+ 29. Kh1 Nf4 30. Rxf4 exf4 31. Rg1 Qh3 0-1

[Event "Bad Woerishofen"]
[Site "?"]
[Date "2002.??.??"]
[Round "1"]
[White "Weidig, Hans"]
[Black "Himmel, Hansjoerg"]
[Result "0-1"]
[WhiteElo "1958"]
[BlackElo "2238"]
[Annotator "ChessOrg"]
[PlyCount "68"]

1. e4 c5 2. Nf3 e6 3. d4 cxd4 4. Nxd4 a6 5. Nc3 Qc7 6. Bd3 Nc6 7. Nxc6 bxc6 8.
O-O d5 9. exd5 cxd5 10. Re1 Bb7 11. Bg5 Bd6 12. Qh5 Kf8 13. Ne2 g6 14. Qh4 Kg7
15. Ng3 e5 16. c4 h6 17. Bd2 Be7 18. Qg4 h5 19. Qd1 h4 20. Nf1 h3 21. cxd5 hxg2
22. Ng3 Bxd5 23. Rxe5 Rd8 24. Qe2 Bf6 25. Bc3 Qd7 26. Bf5 Qa4 27. a3 Qh4 28. h3
Nh6 29. Bxg6 fxg6 30. Qxa6 Nf7 31. Rf5 Bxc3 32. bxc3 Rhe8 33. Kh2 Re6 34. Qa7
Rf6 0-1

[Event "Bad Woerishofen"]
[Site "?"]
[Date "2002.??.??"]
[Round "1"]
[White "Baumann, Kurt"]
[Black "Wittfoth, Kai-Uwe"]
[Result "0-1"]
[WhiteElo "1785"]
[BlackElo "2166"]
[Annotator "ChessOrg"]
[PlyCount "48"]

1. Nf3 d5 2. c4 e6 3. g3 c6 4. b3 f5 5. Bb2 Nf6 6. d3 Bd6 7. Bg2 O-O 8. O-O
Nbd7 9. Nbd2 Qe8 10. e3 Qh5 11. Nd4 Ne5 12. N2f3 Qh6 13. Nxe5 Bxe5 14. Nxf5
exf5 15. Bxe5 Ng4 16. Re1 Qxh2+ 17. Kf1 Nxe5 18. cxd5 Bd7 19. f4 Ng4 20. Qf3
Qh6 21. Ke2 Qf6 22. Rad1 Rfe8 23. e4 fxe4 24. dxe4 Nh2 0-1

[Event "Bad Woerishofen"]
[Site "?"]
[Date "2002.??.??"]
[Round "1"]
[White "Leuchter, Gerhard"]
[Black "Szenetra, Werner"]
[Result "0-1"]
[WhiteElo "1913"]
[BlackElo "2202"]
[Annotator "ChessOrg"]
[PlyCount "82"]

1. e4 d6 2. d4 g6 3. Nc3 Nf6 4. f4 Bg7 5. Nf3 O-O 6. Bd3 Bg4 7. h3 Bxf3 8. Qxf3
Nc6 9. Be3 e5 10. fxe5 dxe5 11. d5 Nb4 12. Rd1 Nxd3+ 13. Rxd3 Ne8 14. g4 Nd6
15. Qg3 Kh8 16. Rg1 b5 17. a3 a5 18. Bc5 Rb8 19. b4 axb4 20. Bxb4 Qg5 21. Rd1
Qf4 22. Ke2 Nxe4 23. Qxf4 Nxc3+ 24. Bxc3 exf4 25. Bxg7+ Kxg7 26. Kf3 g5 27.
Rge1 Rfe8 28. Re4 Kf6 29. d6 Rxe4 30. Kxe4 Re8+ 31. Kd5 cxd6 32. Kc6 Re3 33.
Kxb5 Rxa3 34. Rxd6+ Ke5 35. Rd7 Ke6 36. Rd2 Rxh3 37. c4 f5 38. gxf5+ Kxf5 39.
c5 Rc3 40. c6 Ke4 41. Rg2 f3 0-1

[Event "Bad Woerishofen"]
[Site "?"]
[Date "2002.??.??"]
[Round "1"]
[White "Santl, Anton"]
[Black "Hamlack, Heinz"]
[Result "1/2-1/2"]
[WhiteElo "2229"]
[BlackElo "1937"]
[Annotator "ChessOrg"]
[PlyCount "68"]

1. Nf3 g6 2. c4 Bg7 3. Nc3 d6 4. g3 Nc6 5. Bg2 e5 6. O-O f5 7. d3 Nf6 8. Rb1
Ne7 9. b4 c6 10. Qb3 Qc7 11. Bb2 h6 12. c5 d5 13. Nxe5 Qxe5 14. Nxd5 Nfxd5 15.
Bxe5 Bxe5 16. b5 Be6 17. bxc6 bxc6 18. Qc2 O-O 19. Rb7 Bc8 20. Rb3 Be6 21. e3
a5 22. d4 Bc7 23. a3 a4 24. Rb7 Bc8 25. Rb2 Kg7 26. Rfb1 Rf6 27. Bf1 h5 28. h4
Be6 29. Bc4 Kh6 30. Qc1 Kh7 31. Rb7 Bc8 32. R7b2 Be6 33. Kh2 Rf7 34. Rb7 Ng8
1/2-1/2

[Event "Bad Woerishofen"]
[Site "?"]
[Date "2002.??.??"]
[Round "1"]
[White "Martino-Gross, Peter"]
[Black "Keller, Manfred"]
[Result "0-1"]
[WhiteElo "1936"]
[BlackElo "2223"]
[Annotator "ChessOrg"]
[PlyCount "36"]

1. c4 Nf6 2. Nf3 g6 3. g3 Bg7 4. Bg2 O-O 5. O-O d5 6. cxd5 Nxd5 7. Nc3 Nb6 8.
d3 Nc6 9. Be3 e5 10. Qd2 Re8 11. Bh6 Bh8 12. Rfd1 Nd4 13. e4 Bg4 14. Nxd4 Bxd1
15. Ndb5 Bg4 16. h3 Be6 17. f4 c6 18. Na3 Nc4 0-1

[Event "Bad Woerishofen"]
[Site "?"]
[Date "2002.??.??"]
[Round "1"]
[White "Steiger, Wallfried"]
[Black "Unger, Michael"]
[Result "1/2-1/2"]
[WhiteElo "1930"]
[BlackElo "2213"]
[Annotator "ChessOrg"]
[PlyCount "141"]

1. d4 Nf6 2. Nf3 e6 3. e3 b6 4. Bd3 Bb7 5. Nbd2 d5 6. O-O Nbd7 7. Re1 Ne4 8. c4
Bd6 9. Qc2 f5 10. Rb1 a5 11. a3 Qe7 12. b4 axb4 13. axb4 Nxd2 14. Bxd2 dxc4 15.
Qxc4 Bd5 16. Qc2 Ra2 17. Qd1 Bxf3 18. gxf3 Qh4 19. f4 O-O 20. Bc4 Rf6 21. Kf1
Qh3+ 22. Ke2 Qg4+ 23. f3 Qg2+ 24. Kd3 Ra3+ 25. Kc2 Kf7 26. e4 fxe4 27. fxe4
Bxf4 28. Qh5+ Ke7 29. Re2 Qf3 30. Qxf3 Rxf3 31. e5 Rh6 32. Rg1 g6 33. Rg4 Bxd2
34. Rxd2 Rhh3 35. Bd3 c5 36. bxc5 bxc5 37. Bb5 cxd4 38. Bxd7 d3+ 39. Kc3 Kxd7
40. Rd4+ Kc7 41. Rd6 Re3 42. Rxe6 Kd7 43. Ra6 Rxe5 44. Rxd3+ Rxd3+ 45. Kxd3 Rh5
46. Ra2 Ke6 47. Ke3 Rf5 48. Ra7 h6 49. Ra6+ Kf7 50. Rb6 Kg7 51. Ra6 g5 52. Ra2
Kg6 53. Rf2 Ra5 54. Kf3 h5 55. Rb2 g4+ 56. Kg3 Kg5 57. Kg2 h4 58. Rc2 Ra4 59.
Rc5+ Kf4 60. Rc2 Rd4 61. Rf2+ Ke3 62. Rf8 Rd2+ 63. Kg1 h3 64. Re8+ Kf3 65. Rf8+
Ke4 66. Re8+ Kf5 67. Rf8+ Ke6 68. Re8+ Kf7 69. Re4 Rg2+ 70. Kh1 Kf6 71. Rxg4
1/2-1/2

[Event "Bad Woerishofen"]
[Site "?"]
[Date "2002.??.??"]
[Round "1"]
[White "Johansen, Paul"]
[Black "Bischoff, Dieter"]
[Result "1/2-1/2"]
[WhiteElo "2230"]
[BlackElo "2233"]
[Annotator "ChessOrg"]
[PlyCount "81"]

1. e4 c5 2. Nf3 d6 3. d4 cxd4 4. Nxd4 Nf6 5. Nc3 Nc6 6. Be3 Ng4 7. Qd2 Nxe3 8.
Qxe3 Qb6 9. Bb5 Bd7 10. O-O-O e6 11. Rhe1 Be7 12. Kb1 O-O 13. Nxc6 bxc6 14.
Qxb6 axb6 15. Be2 d5 16. exd5 exd5 17. a3 Ra7 18. Na2 Bc5 19. Rf1 b5 20. Nb4
Re8 21. Bd3 g6 22. c3 Kg7 23. Rd2 d4 24. cxd4 Bxb4 25. axb4 Be6 26. Kc2 Bd5 27.
g3 f5 28. Re2 Rd8 29. Rfe1 Bf7 30. Re7 Rxe7 31. Rxe7 Rxd4 32. Kc3 Rd6 33. Be2
Kf6 34. Rc7 h6 35. Bf3 Be8 36. h4 g5 37. hxg5+ hxg5 38. Rh7 Bg6 39. Rc7 Be8 40.
Rh7 Bg6 41. Rc7 1/2-1/2

[Event "Bad Woerishofen"]
[Site "?"]
[Date "2002.??.??"]
[Round "1"]
[White "Mueller, Manfred"]
[Black "Walther, Alexander"]
[Result "1/2-1/2"]
[WhiteElo "2160"]
[BlackElo "1768"]
[Annotator "ChessOrg"]
[PlyCount "84"]

1. e4 c6 2. d4 d6 3. c4 Qc7 4. Nf3 e5 5. Be2 Bg4 6. O-O Nf6 7. Nc3 Nbd7 8. Be3
Be7 9. b4 a6 10. Rc1 O-O 11. Qc2 Rfe8 12. h3 Bh5 13. a3 Bf8 14. d5 c5 15. b5 a5
16. g4 Bg6 17. Nh4 Qd8 18. Nf5 Kh8 19. Bg5 Bxf5 20. gxf5 Be7 21. Qd3 h6 22. Bd2
Nh7 23. Kh2 Bg5 24. Rg1 Bxd2 25. Qxd2 Rg8 26. Rg3 Qf6 27. Rcg1 b6 28. Bh5 Raf8
29. Nd1 Qh4 30. Bg4 Ndf6 31. Qe3 Qg5 32. Qxg5 Nxg5 33. f3 Ngh7 34. h4 Re8 35.
Ne3 Re7 36. Kg2 Rb7 37. Kf2 Re7 38. Ng2 Ree8 39. Ke3 Re7 40. Kd3 Ree8 41. Ne3
Re7 42. Re1 Rge8 1/2-1/2

[Event "Bad Woerishofen"]
[Site "?"]
[Date "2002.??.??"]
[Round "1"]
[White "Schuster, Reinhold"]
[Black "Schellmann, Frank"]
[Result "1/2-1/2"]
[WhiteElo "1710"]
[BlackElo "2144"]
[Annotator "ChessOrg"]
[PlyCount "83"]

1. e4 e5 2. Nf3 Nf6 3. Nc3 Bb4 4. Bc4 Nc6 5. d3 d5 6. exd5 Nxd5 7. Bd2 Bxc3 8.
Bxc3 Nxc3 9. bxc3 O-O 10. Qd2 h6 11. O-O Bg4 12. Qe3 Re8 13. Rab1 Rb8 14. h3
Be6 15. Bxe6 Rxe6 16. Qe4 Qe7 17. Rfe1 a6 18. Re2 Qa3 19. Qc4 b5 20. Qb3 Qxb3
21. cxb3 Rd8 22. Rd2 Red6 23. Rbd1 f6 24. a3 Ne7 25. d4 exd4 26. Rxd4 Rxd4 27.
Rxd4 Rxd4 28. Nxd4 Kf7 29. Kf1 c5 30. Ne2 Nd5 31. Ke1 Ke6 32. Kd2 Ke5 33. Kd3
Nb6 34. c4 bxc4+ 35. bxc4 g5 36. g3 Na4 37. f4+ gxf4 38. Nxf4 Nb2+ 39. Kc3 Nd1+
40. Kd2 Nf2 41. Ke3 Nd1+ 42. Kd2 1/2-1/2

[Event "Bad Woerishofen"]
[Site "?"]
[Date "2002.??.??"]
[Round "1"]
[White "Fries, Werner"]
[Black "Bartels, Holger"]
[Result "0-1"]
[WhiteElo "1664"]
[BlackElo "2133"]
[Annotator "ChessOrg"]
[PlyCount "48"]

1. e4 c5 2. Nf3 e6 3. Nc3 Nc6 4. Be2 Nge7 5. d4 cxd4 6. Nxd4 Nxd4 7. Qxd4 Nc6
8. Qd1 Be7 9. Be3 O-O 10. O-O d6 11. a3 Rb8 12. Qd2 a6 13. Rfd1 Qc7 14. Na2 Rd8
15. c4 b6 16. Rac1 Bb7 17. b4 Ne5 18. Qd4 Ba8 19. Kh1 Bf6 20. Bf4 Ng4 21. Bxd6
Bxd4 22. Bxc7 Nxf2+ 23. Kg1 Nxd1+ 24. Kf1 Ne3+ 0-1

[Event "Bad Woerishofen"]
[Site "?"]
[Date "2002.??.??"]
[Round "1"]
[White "Pohlers, Juergen"]
[Black "Bretscher, Robert"]
[Result "1-0"]
[WhiteElo "2133"]
[BlackElo "1644"]
[Annotator "ChessOrg"]
[PlyCount "45"]

1. d4 Nf6 2. c4 e5 3. dxe5 Ng4 4. e4 Nxe5 5. f4 Nec6 6. Nf3 Bc5 7. a3 a5 8. Nc3
d6 9. Qd3 Bg4 10. Be2 Nd7 11. Be3 O-O 12. O-O f5 13. Ng5 Bxe3+ 14. Qxe3 Bxe2
15. Qxe2 Qf6 16. Nd5 Qd4+ 17. Kh1 fxe4 18. Rad1 Qa7 19. Qxe4 Nf6 20. Nxf6+ Rxf6
21. Qxh7+ Kf8 22. Rde1 Ne5 23. Qh8+ 1-0

[Event "Bad Woerishofen"]
[Site "?"]
[Date "2002.??.??"]
[Round "1"]
[White "Engl, Heinz"]
[Black "Weber, Ludwig"]
[Result "1/2-1/2"]
[WhiteElo "2127"]
[BlackElo "1620"]
[Annotator "ChessOrg"]
[PlyCount "132"]

1. e4 e5 2. Nf3 d6 3. d4 Nd7 4. Bc4 h6 5. O-O g5 6. dxe5 dxe5 7. Bxf7+ Kxf7 8.
Nxe5+ Kg7 9. f4 Bd6 10. Nxd7 Bxd7 11. Qd4+ Kh7 12. fxg5 Be6 13. e5 Be7 14. Qe4+
Kg7 15. gxh6+ Nxh6 16. Nc3 Ng4 17. Be3 Rxh2 18. Rf4 Nxe3 19. Qxe3 Rh6 20. Ne4
Qh8 21. Qg3+ Rg6 22. Qc3 c6 23. Nc5 Bd5 24. Ne4 Qh6 25. Ng3 Be6 26. Raf1 Qg5
27. R4f3 Rf8 28. Rxf8 Bxf8 29. Rf3 Kh7 30. Rxf8 Qxg3 31. Qxg3 Rxg3 32. Re8 Bd5
33. e6 Rxg2+ 34. Kf1 Kg7 35. e7 Kf7 36. Rd8 Kxe7 37. Rxd5 Rxc2 38. Ra5 a6 39.
b3 Kd6 40. Ke1 c5 41. Kd1 Rh2 42. Kc1 Kc6 43. Ra4 Kb5 44. Kb1 a5 45. Rg4 b6 46.
Rf4 Rd2 47. Rg4 Rd4 48. Rg6 a4 49. Kc2 Rh4 50. Rf6 Ka5 51. Rf8 Rh2+ 52. Kb1
axb3 53. axb3 Kb4 54. Rf3 b5 55. Rg3 c4 56. bxc4 bxc4 57. Rg8 Rd2 58. Kc1 Kc3
59. Rg3+ Rd3 60. Rg2 Rh3 61. Rc2+ Kb3 62. Rb2+ Ka3 63. Rb8 Rc3+ 64. Kd2 Rb3 65.
Rc8 Rd3+ 66. Kc2 Kb4 1/2-1/2

[Event "Bad Woerishofen"]
[Site "?"]
[Date "2002.??.??"]
[Round "1"]
[White "Dittler, Volkfried"]
[Black "Lindenmair, Anton"]
[Result "0-1"]
[WhiteElo "1605"]
[BlackElo "2127"]
[Annotator "ChessOrg"]
[PlyCount "84"]

1. d4 Nf6 2. Nf3 g6 3. c4 Bg7 4. Nc3 d6 5. e4 O-O 6. Be2 e5 7. Be3 Nc6 8. d5
Ne7 9. Nd2 Nd7 10. O-O f5 11. f3 f4 12. Bf2 g5 13. b4 Ng6 14. c5 Nf6 15. cxd6
cxd6 16. Rc1 Rf7 17. Nc4 Bf8 18. a4 h5 19. a5 g4 20. Qe1 gxf3 21. Bxf3 Ng4 22.
Qe2 Nh4 23. Nb5 Rg7 24. Kh1 Qg5 25. Ncxd6 Nxg2 26. Rg1 Nxf2+ 27. Qxf2 Qh4 28.
Rxg2 Qxf2 29. Rxf2 Bg4 30. Bxg4 hxg4 31. Nf5 Rh7 32. d6 a6 33. Nc7 Rc8 34. Rfc2
g3 35. Ne6 Rxh2+ 36. Rxh2 Rxc1+ 37. Kg2 Rc2+ 38. Kg1 gxh2+ 39. Kh1 Rb2 40. Ne7+
Bxe7 41. dxe7 Kf7 42. Nd8+ Kxe7 0-1

[Event "Bad Woerishofen"]
[Site "?"]
[Date "2002.??.??"]
[Round "1"]
[White "Fries, Elisabeth"]
[Black "Baeuml, Ulrich"]
[Result "0-1"]
[WhiteElo "1448"]
[BlackElo "2098"]
[Annotator "ChessOrg"]
[PlyCount "50"]

1. d4 Nf6 2. c4 c5 3. Nf3 cxd4 4. Nxd4 e5 5. Nb3 d5 6. e3 Nc6 7. cxd5 Nxd5 8.
Bc4 Be6 9. O-O Be7 10. e4 Nf4 11. Qxd8+ Rxd8 12. Bxe6 Ne2+ 13. Kh1 fxe6 14. Be3
Ned4 15. Nxd4 exd4 16. Bd2 O-O 17. Na3 Ne5 18. f4 Nd3 19. Nc4 Rc8 20. Rf3 Nxf4
21. Bxf4 Rxc4 22. Rc1 Rxc1+ 23. Bxc1 Rc8 24. Rf1 Rc2 25. a3 Re2 0-1

[Event "Bad Worishofen"]
[Site "?"]
[Date "2002.??.??"]
[Round "2"]
[White "Georgiev, Kiril"]
[Black "Herb, Stefan"]
[Result "1-0"]
[WhiteElo "2655"]
[BlackElo "2153"]
[Annotator "ChessOrg"]
[PlyCount "76"]
[EventDate "2002.??.??"]

1. e4 c6 2. d4 d6 3. c4 e5 4. Nf3 Qc7 5. Nc3 Bg4 6. Be2 Be7 7. O-O Nf6 8. Be3
O-O 9. d5 Nbd7 10. Nd2 Bxe2 11. Qxe2 Rfe8 12. Rfc1 c5 13. Rab1 g6 14. b4 cxb4
15. Rxb4 Nc5 16. Rcb1 Nfd7 17. Nb3 Nxb3 18. Nb5 Qd8 19. R4xb3 b6 20. a4 f5 21.
exf5 gxf5 22. Bh6 Kh8 23. Qh5 f4 24. a5 Rg8 25. Qf5 Rg6 26. Rh3 Bh4 27. Qh5 Nf6
28. Qxh4 Rg4 29. Bg7+ Kxg7 30. Qh6+ Kg8 31. Rhb3 Rg6 32. Qh3 Qd7 33. Qxd7 Nxd7
34. Ra3 Nc5 35. axb6 a6 36. Nc7 Rb8 37. Nxa6 Nxa6 38. Rxa6 Rb7 1-0

[Event "Bad Worishofen"]
[Site "?"]
[Date "2002.??.??"]
[Round "2"]
[White "Wittfoth, Kai-Uwe"]
[Black "Eingorn, Viacheslav"]
[Result "0-1"]
[WhiteElo "2166"]
[BlackElo "2595"]
[Annotator "ChessOrg"]
[PlyCount "74"]
[EventDate "2002.??.??"]

1. d4 Nf6 2. Nf3 e6 3. Bf4 b6 4. e3 Bb7 5. Nbd2 h6 6. h3 d6 7. Bc4 g6 8. c3 Bg7
9. O-O Nbd7 10. Qc2 O-O 11. Rad1 Qe7 12. Bh2 c5 13. Rfe1 a6 14. a4 Rfc8 15. Qd3
d5 16. Ba2 b5 17. axb5 axb5 18. Bb1 b4 19. Rc1 Ne4 20. Qe2 bxc3 21. bxc3 cxd4
22. cxd4 Nc3 23. Qf1 Nf6 24. Be5 Nfe4 25. Bxg7 Kxg7 26. Bd3 Ra2 27. Rc2 Rxc2
28. Bxc2 Qb4 29. Nb1 Na2 30. Bd3 Rc7 31. h4 Bc8 32. g3 Bd7 33. Kg2 Ba4 34. Ng1
Bc2 35. Bxc2 Rxc2 36. Nh3 Qb2 37. Qg1 Nc1 0-1

[Event "Bad Worishofen"]
[Site "?"]
[Date "2002.??.??"]
[Round "2"]
[White "Kengis, Edvins"]
[Black "Hahn, Guenter"]
[Result "1-0"]
[WhiteElo "2571"]
[BlackElo "2152"]
[Annotator "ChessOrg"]
[PlyCount "65"]
[EventDate "2002.??.??"]

1. Nf3 Nf6 2. g3 b5 3. Bg2 Bb7 4. Na3 a6 5. c4 b4 6. Nc2 c5 7. d4 e6 8. O-O Be7
9. dxc5 Bxc5 10. Be3 d6 11. a3 Bxe3 12. Nxe3 bxa3 13. Qa4+ Nbd7 14. Qxa3 Qc7
15. Rfd1 Nc5 16. b4 Nce4 17. Nd4 e5 18. Ndf5 g6 19. Nxd6+ Nxd6 20. Rxd6 Qxd6
21. Bxb7 Ra7 22. c5 Qe7 23. c6 O-O 24. b5 Rxb7 25. cxb7 Qxa3 26. Rxa3 axb5 27.
Rb3 Rb8 28. Rxb5 Ne4 29. Rxe5 Nd6 30. Rd5 Nxb7 31. Rb5 h5 32. Nd5 Kg7 33. e4
1-0

[Event "Bad Worishofen"]
[Site "?"]
[Date "2002.??.??"]
[Round "2"]
[White "Oud, Niek"]
[Black "Nevednichy, Vladislav"]
[Result "0-1"]
[WhiteElo "2153"]
[BlackElo "2569"]
[Annotator "ChessOrg"]
[PlyCount "74"]
[EventDate "2002.??.??"]

1. d4 g6 2. c4 Bg7 3. Nc3 d6 4. e4 Nd7 5. Be2 e5 6. Be3 Ngf6 7. Nf3 O-O 8. O-O
Re8 9. d5 Nh5 10. Ne1 Nf4 11. Nd3 Nxe2+ 12. Qxe2 f5 13. f3 f4 14. Bf2 Bf8 15.
b4 g5 16. c5 Nf6 17. Rac1 Re7 18. Kh1 Rg7 19. Rg1 Qe8 20. g3 fxg3 21. Bxg3 Bd7
22. a4 a6 23. b5 axb5 24. axb5 h5 25. c6 Bc8 26. cxb7 Bxb7 27. Nb4 Bc8 28. Ra1
Rxa1 29. Rxa1 h4 30. Bf2 Qh5 31. Nd3 g4 32. f4 exf4 33. Nxf4 Qe5 34. Qe3 g3 35.
Be1 Ng4 36. Qc1 Nxh2 37. Ra2 Nf3 0-1

[Event "Bad Worishofen"]
[Site "?"]
[Date "2002.??.??"]
[Round "2"]
[White "Kveinys, Aloyzas"]
[Black "Freundlieb, Thomas"]
[Result "1-0"]
[WhiteElo "2555"]
[BlackElo "2150"]
[Annotator "ChessOrg"]
[PlyCount "51"]
[EventDate "2002.??.??"]

1. e4 c6 2. d4 g6 3. c3 d5 4. Nd2 Bg7 5. Bd3 dxe4 6. Nxe4 Nd7 7. Qe2 Qc7 8. Nh3
Ngf6 9. Bf4 e5 10. Nxf6+ Bxf6 11. Bh6 Nf8 12. Qf3 Qe7 13. O-O Bxh3 14. Qxh3
exd4 15. Rfe1 Ne6 16. Bc4 Kd7 17. cxd4 Bxd4 18. Rad1 c5 19. Bg7 Kc7 20. Rxd4
cxd4 21. Qg3+ Kc6 22. Qf3+ Kc7 23. Be5+ Kc8 24. Bxh8 Qb4 25. Rc1 Kd7 26. Qxf7+
1-0